| 000 | 00583nam a22002057a 4500 | ||
|---|---|---|---|
| 001 | 00028626 | ||
| 005 | 20260321113832.0 | ||
| 008 | 260321b ag ||||| |||| 00| 0 spa d | ||
| 020 | _a9508082070 | ||
| 040 |
_aAR-CcCEOS _bspa _cAR-CcCEOS |
||
| 041 | _aspa | ||
| 080 | _a159.922.7 | ||
| 090 | _bDON | ||
| 100 |
_aLiliana Donzis _9955 |
||
| 245 |
_aJugar, dibujar, escribir : _bPsicoanálisis con niños / _cLiliana Donzis |
||
| 264 |
_aArgentina : _bHomo Sapiens, _cc1998. |
||
| 300 |
_a217 p. ; _c24x15 cm. |
||
| 655 | 0 |
_apsicología _vpsiconoanalisis _9124 |
|
| 942 |
_2udc _cBK _n0 |
||
| 999 |
_c28658 _d28658 |
||